000 00460nam a2200181Ia 4500
008 151202s9999||||xx |||||||||||||| ||und||
082 _bPNVM-83116
100 _aSTINE . L.R.
245 _aWelcome to camp nightmare.
260 _bSCHOLASTIC PRESS NEW YORK.
260 _c1993
300 _a136
600 _aSTINE . L.R.
630 _aWelcome to camp nightmare.
700 _aSTINE . L.R.
730 _aWelcome to camp nightmare.
942 _cBOOK
999 _c1347839
_d1347836